La littérature francaise du moyen age
Guardado en:
| Hovedforfatter: | |
|---|---|
| Format: | Bog |
| Sprog: | Undetermined |
| Udgivet: |
París, Francia
Librairie Armand Colin
1968
|
| Udgivelse: | 5 |
| Fag: | |
| Tags: |
Tilføj Tag
Ingen Tags, Vær først til at tagge denne postø!
|
MARC
| LEADER | 00000nam a2200000Ia 4500 | ||
|---|---|---|---|
| 008 | 170316s9999 xx 000 0 und d | ||
| 040 | |a cru BVZT | ||
| 090 | |a C-840 G-2L | ||
| 100 | |a Gentil, Pierre le | ||
| 245 | |a La littérature francaise du moyen age | ||
| 250 | |a 5 | ||
| 260 | |a París, Francia | ||
| 260 | |b Librairie Armand Colin | ||
| 260 | |c 1968 | ||
| 300 | |a 202 páginas | ||
| 650 | |a LITERATURA FRANCESA | ||
| 650 | |a CRÍTICA | ||
| 999 | |c 12974 |d 12974 | ||
| 942 | |c 15 D |h C-840 G-2L |2 z | ||
